[Event "ESP-ch U18 Rapid"]
[Site "Salobrena"]
[Date "2022.08.06"]
[Round "2"]
[White "Gines Esteo, Pedro Antonio"]
[Black "Garcia Prada, Alejandro"]
[Result "1-0"]
[WhiteElo "2335"]
[BlackElo "1687"]
[PlyCount "125"]
[EventDate "2022.08.06"]
[EventType "swiss (rapid)"]
[EventRounds "9"]
[EventCountry "ESP"]
[SourceTitle "EXT 2023"]
[Source "ChessBase"]
[SourceDate "2022.10.05"]
[SourceVersion "1"]
[SourceVersionDate "2022.10.05"]
[SourceQuality "1"]

1. Nf3 f5 2. d3 d6 3. e4 Nf6 4. exf5 Bxf5 5. d4 g6 6. Bd3 Qd7 7. 0-0 Bg7 8. Nc3 0-0 9. h3 Bxd3 10. Qxd3 e6 11. Bg5 Nc6 12. Bxf6 Bxf6 13. Ne4 Bg7 14. Rae1 Rae8 15. Re2 Rxf3 16. gxf3 Nxd4 17. Ree1 e5 18. f4 exf4 19. c3 f3 20. Ng5 Ne2+ 21. Kh1 h6 22. Qd5+ Kh8 23. Nf7+ Kh7 24. Qxf3 Rf8 25. Rxe2 Rxf7 26. Qg4 Qc6+ 27. Qe4 Qb6 28. Rg1 d5 29. Qxd5 Rxf2 30. Rxf2 Qxf2 31. Qxb7 Qf5 32. Qg2 Be5 33. Rf1 Qe6 34. Qf3 Bg7 35. a3 Qb6 36. Rf2 Qe6 37. Kg2 Qe5 38. Re2 Qg5+ 39. Kf2 Qc5+ 40. Kf1 Qg5 41. Qe3 Qf5+ 42. Rf2 Qb5+ 43. Ke1 Qd5 44. Qf3 Qe5+ 45. Kd1 Qd6+ 46. Kc2 Qe6 47. Re2 Qc4 48. Qe4 Qc5 49. Rg2 Qd6 50. h4 h5 51. Rg5 Qh2+ 52. Kb3 Qd6 53. Rxh5+ Kg8 54. Qd5+ Kf8 55. Qxd6+ cxd6 56. Ra5 Bf6 57. h5 g5 58. Rxa7 g4 59. Ra4 g3 60. Rg4 Be5 61. h6 Ke7 62. h7 Kd7 63. Rxg3 1-0

[Event "Collado Villalba op 38th"]
[Site "Collado Villalba"]
[Date "2021.08.28"]
[Round "8"]
[White "Garcia Prada, Alejandro"]
[Black "Semprun Martinez, Fernando M"]
[Result "1-0"]
[WhiteElo "1940"]
[BlackElo "2093"]
[PlyCount "63"]
[EventDate "2021.08.21"]
[EventType "swiss"]
[EventRounds "9"]
[EventCountry "ESP"]
[SourceTitle "EXT 2022"]
[Source "ChessBase"]
[SourceDate "2021.10.06"]
[SourceVersion "1"]
[SourceVersionDate "2021.10.06"]
[SourceQuality "1"]

1. e4 c5 2. Nf3 Nc6 3. d3 g6 4. g3 Bg7 5. Bg2 e6 6. 0-0 Nge7 7. c3 0-0 8. Nbd2 d5 9. Re1 Qc7 10. Qe2 b5 11. e5 b4 12. Nf1 Ba6 13. Bf4 Qa5 14. Rec1 Rab8 15. h4 bxc3 16. bxc3 Qa3 17. Rc2 d4 18. c4 Nb4 19. Rd2 Rb6 20. N1h2 h6 21. Ng4 Kh7 22. Nf6+ Bxf6 23. exf6 Ng8 24. Be5 Bb7 25. Ng5+ hxg5 26. Bxb7 g4 27. Be4 Nc6 28. Bxc6 Rxc6 29. Qe4 Qc3 30. Rad1 Rb6 31. h5 Rb1 32. Rxb1 1-0

[Event "Collado Villalba op 38th"]
[Site "Collado Villalba"]
[Date "2021.08.27"]
[Round "7"]
[White "Moreno Ruiz, Javier"]
[Black "Garcia Prada, Alejandro"]
[Result "1-0"]
[WhiteElo "2418"]
[BlackElo "1940"]
[PlyCount "55"]
[EventDate "2021.08.21"]
[EventType "swiss"]
[EventRounds "9"]
[EventCountry "ESP"]
[SourceTitle "CBM 204 Extra"]
[Source "ChessBase"]
[SourceDate "2021.11.30"]
[SourceVersion "1"]
[SourceVersionDate "2021.11.30"]
[SourceQuality "1"]

1. d4 f5 2. Bg5 g6 3. Nc3 Bg7 4. e3 Nf6 5. h4 h6 6. Bxf6 Bxf6 7. Nge2 0-0 8. Nf4 Kh7 9. Bd3 d6 10. h5 g5 11. Ng6 Rf7 12. g4 e6 13. Qf3 Kg7 14. gxf5 exf5 15. Bc4 c6 16. Bxf7 Kxf7 17. 0-0-0 Qa5 18. e4 f4 19. e5 dxe5 20. Nxe5+ Bxe5 21. dxe5 Qxe5 22. Rhe1 g4 23. Qd3 Qf5 24. Qd8 Be6 25. Ne4 Kg7 26. Nd6 Qg5 27. Qxg5+ hxg5 28. Rxe6 1-0

[Event "Collado Villalba op 38th"]
[Site "Collado Villalba"]
[Date "2021.08.24"]
[Round "4"]
[White "Garcia Prada, Alejandro"]
[Black "Cuellar Gutierrez, Raul"]
[Result "1-0"]
[WhiteElo "1940"]
[BlackElo "2006"]
[PlyCount "69"]
[EventDate "2021.08.21"]
[EventType "swiss"]
[EventRounds "9"]
[EventCountry "ESP"]
[SourceTitle "CBM 204 Extra"]
[Source "ChessBase"]
[SourceDate "2021.11.30"]
[SourceVersion "1"]
[SourceVersionDate "2021.11.30"]
[SourceQuality "1"]

1. e4 e6 2. d4 d5 3. Bd3 Nf6 4. e5 Nfd7 5. f4 c5 6. c3 Nc6 7. Nf3 cxd4 8. cxd4 Qb6 9. Bc2 Nb4 10. 0-0 Nxc2 11. Qxc2 Be7 12. Nc3 0-0 13. Kh1 f6 14. Bd2 fxe5 15. fxe5 Qc6 16. Bg5 Bxg5 17. Nxg5 g6 18. Rxf8+ Nxf8 19. Qf2 Qe8 20. Nb5 Qe7 21. Nd6 Bd7 22. Ngf7 Be8 23. Nh6+ Kg7 24. Rf1 Bb5 25. Nxb5 Kxh6 26. Nd6 Kg7 27. Qd2 Qh4 28. g3 Qh3 29. Qf2 Qg4 30. Qf6+ Kg8 31. Nf7 Qe4+ 32. Rf3 Qe1+ 33. Kg2 Qd2+ 34. Kh3 Nd7 35. Qh8# 1-0

[Event "Collado Villalba 64 op 7th"]
[Site "Collado Villalba"]
[Date "2019.07.30"]
[Round "2"]
[White "Garcia Prada, Alejandro"]
[Black "Nadal Fajardo, Ricard"]
[Result "1/2-1/2"]
[WhiteElo "1796"]
[BlackElo "2201"]
[PlyCount "122"]
[EventDate "2019.07.29"]
[EventType "swiss"]
[EventRounds "9"]
[EventCountry "ESP"]
[SourceTitle "CBM 195 Extra"]
[Source "ChessBase"]
[SourceDate "2020.05.31"]
[SourceVersion "1"]
[SourceVersionDate "2020.05.31"]
[SourceQuality "1"]

1. e4 c6 2. Nc3 d5 3. Nf3 Bg4 4. h3 Bxf3 5. Qxf3 e6 6. d3 Nd7 7. Bd2 Bb4 8. 0-0-0 Ngf6 9. g4 h6 10. Bg2 Qb6 11. Qg3 0-0-0 12. f4 Qa6 13. Kb1 d4 14. Ne2 Bxd2 15. Rxd2 Qa5 16. Rdd1 e5 17. Rhf1 Rhe8 18. h4 h5 19. gxh5 Nxh5 20. Qg5 Rh8 21. fxe5 Nxe5 22. Rxf7 Qc5 23. Re7 Nd7 24. Bh3 Qd6 25. e5 Qd5 26. Be6 Qf3 27. Qg4 Qxg4 28. Bxg4 Kc7 29. Nxd4 Nf4 30. Rxg7 Rhg8 31. Rxg8 Rxg8 32. Ne6+ Kb6 33. Nxf4 Rxg4 34. e6 Nf6 35. Rf1 Rxh4 36. a3 Rh2 37. Kc1 Rh6 38. e7 Ne8 39. Re1 Kc7 40. Kd2 Kd7 41. Kc3 Rf6 42. Nh5 Rf7 43. Kd4 c5+ 44. Kc4 Nd6+ 45. Kd5 Ne8 46. Ng3 b6 47. Kc4 Nd6+ 48. Kd5 Ne8 49. Re5 Nc7+ 50. Kc4 Rxe7 51. Rxe7+ Kxe7 52. a4 Kd7 53. Ne4 Kc6 54. c3 a6 55. d4 b5+ 56. axb5+ axb5+ 57. Kd3 cxd4 58. Kxd4 Nd5 59. b4 Nf4 60. Nd2 Ne2+ 61. Kd3 Nf4+ 1/2-1/2

[Event "Madrid-ch U16"]
[Site "Madrid"]
[Date "2018.04.21"]
[Round "5"]
[White "Garcia Prada, Alejandro"]
[Black "Lopez Mijail, Nicolas"]
[Result "1-0"]
[WhiteElo "1671"]
[BlackElo "1998"]
[PlyCount "45"]
[EventDate "2018.04.14"]
[EventType "swiss"]
[EventRounds "6"]
[EventCountry "ESP"]
[SourceTitle "EXT 2019"]
[Source "ChessBase"]
[SourceDate "2018.10.10"]
[SourceVersion "1"]
[SourceVersionDate "2018.10.10"]
[SourceQuality "1"]

1. e4 c5 2. Nf3 e6 3. d4 cxd4 4. Nxd4 Nc6 5. Nc3 Qc7 6. a3 a6 7. g3 Nge7 8. Ndb5 axb5 9. Nxb5 Qb8 10. Nd6+ Kd8 11. Nxf7+ Ke8 12. Nxh8 g6 13. Bg2 Bg7 14. Nxg6 Nxg6 15. 0-0 Qe5 16. c3 Na5 17. f4 Qc5+ 18. Kh1 d6 19. e5 dxe5 20. Qh5 Nb3 21. Qxh7 Nf8 22. Qh5+ Kd8 23. Qd1+ 1-0

[Event "Madrid-ch U16"]
[Site "Madrid"]
[Date "2018.04.14"]
[Round "1"]
[White "Garcia Prada, Alejandro"]
[Black "Mkrtchyan, Levon"]
[Result "0-1"]
[WhiteElo "1671"]
[BlackElo "2141"]
[PlyCount "44"]
[EventDate "2018.04.14"]
[EventType "swiss"]
[EventRounds "6"]
[EventCountry "ESP"]
[SourceTitle "EXT 2019"]
[Source "ChessBase"]
[SourceDate "2018.10.10"]
[SourceVersion "1"]
[SourceVersionDate "2018.10.10"]
[SourceQuality "1"]

1. e4 e6 2. d4 d5 3. exd5 exd5 4. Bd3 c5 5. dxc5 Bxc5 6. h3 Nf6 7. Nf3 0-0 8. 0-0 h6 9. Nc3 Nc6 10. Bf4 Be6 11. Qd2 Re8 12. a3 a6 13. Rfe1 Bd6 14. Ne2 Bc5 15. Ng3 Bd6 16. Ne5 Qc7 17. Bxh6 Nxe5 18. Qg5 Ng6 19. Rxe6 Rxe6 20. Bxg7 Bf4 21. Qf5 Kxg7 22. Ne2 Re5 0-1

[Event "Collado Villalba op-B 34th"]
[Site "Collado Villalba"]
[Date "2017.08.22"]
[Round "1"]
[White "Garcia Prada, Alejandro"]
[Black "Picazo Sancho, Alvaro"]
[Result "1-0"]
[WhiteElo "1505"]
[BlackElo "1772"]
[PlyCount "50"]
[EventDate "2017.08.22"]
[EventType "swiss"]
[EventRounds "9"]
[EventCountry "ESP"]
[SourceTitle "CBM 180 Extra"]
[Source "ChessBase"]
[SourceDate "2017.10.06"]
[SourceVersion "1"]
[SourceVersionDate "2017.10.06"]
[SourceQuality "1"]

1. e4 d6 2. d4 g6 3. Nf3 Bg7 4. Nc3 c6 5. Bc4 Nf6 6. 0-0 b5 7. Bb3 b4 8. e5 Ng4 9. h3 bxc3 10. hxg4 cxb2 11. Bxb2 Bxg4 12. Bxf7+ Kd7 13. d5 Bxf3 14. Qxf3 Bxe5 15. Bxe5 dxe5 16. dxc6+ Kc7 17. Rfd1 Qc8 18. Rab1 Nxc6 19. Bd5 Qa6 20. Qc3 Rhb8 21. Bxc6 Rxb1 22. Bb5+ Kb8 23. Rxb1 Qxa2 24. Rb2 Qa1+ 25. Kh2 a5 1-0